| 000 | 00932nam a2200301Ia 4500 | ||
|---|---|---|---|
| 001 | 6700 | ||
| 003 | IT-RoPAU | ||
| 008 | 130308s9999 xx 000 0 und d | ||
| 040 | _aIT-RoPAU | ||
| 040 | _cIT-RoPAU | ||
| 041 | _aITALIANO | ||
| 100 | _aRosenheim Edward W. | ||
| 100 | _gCodice Aut. SPICS: 1883 | ||
| 245 | _aValutazioni dell'adulto sulle letture dei bambini | ||
| 245 | _bGenitori, ragazzi e Libri-Prospettive psicosociologiche ed Estetiche | ||
| 250 | _a1a ed. | ||
| 260 | _aROMA | ||
| 260 | _bArmando Armando | ||
| 260 | _c1970 [1° Ed.:1970 - Ed.Ling.Originale:1967] | ||
| 300 | _a"22 p. (prefazione: no ; testo: 22 [pagine: 17-38])" | ||
| 500 | _aPiacere della Lettura motivi Fondamentali della Letteratura Letteratura per ragazzi Familiare o Romantica? | ||
| 650 | _aEDUCAZIONE AL LIBRO | ||
| 650 | _eCodice materia Spics: 6612 | ||
| 942 | _cBK | ||
| 957 | _71 | ||
| 999 |
_c49607 _d49607 |
||
| 999 | _bSI | ||
| 999 | _g1 | ||